| 000 | 01045nam a2200301 a 4500 | ||
|---|---|---|---|
| 001 | 000007107 | ||
| 003 | DO-SdBNP | ||
| 005 | 20170925094621.0 | ||
| 007 | 000007107 | ||
| 008 | 090904s1989 dr 001 0 spa d | ||
| 040 |
_aBPMSU _bspa _cBPMSU |
||
| 082 | 4 |
_a378.7293 _bR788e |
|
| 100 | 1 | _aRosa, Jesús de la | |
| 245 | 1 | 3 |
_aLa educación superior en la República Dominicana / _cJesús de la Rosa. |
| 260 | 0 |
_aSanto Domingo, : _bUniversitaria UASD, _c1989. |
|
| 300 |
_a94 p. ; _c21 cm. |
||
| 490 | 1 |
_aPublicaciones de la Universidad Autónoma de Santo Domingo _v611 |
|
| 490 | 1 |
_aEducación y sociedad _v36 |
|
| 650 | 4 |
_aEDUCACIÓN SUPERIOR _zREPÚBLICA DOMINICANA |
|
| 650 | 4 |
_aUNIVERSIDADES _zREPÚBLICA DOMINICANA |
|
| 830 | 0 |
_aPublicaciones de la Universidad Autónoma de Santo Domingo _l611 |
|
| 830 | 0 | _aEducación y sociedad | |
| 830 | 0 |
_aEducación y sociedad _l36 |
|
| 910 | _aValidado. Control de calidad MFF | ||
| 942 |
_2ddc _cBK |
||
| 945 | _aInventariado / 2017 VM | ||
| 956 |
_aVMATEO _b10 _c20150723 _lBPMSU _h00151 |
||
| 999 |
_c8002 _d8002 |
||